[Event "Belgrade Radnicki IM 12"]
[Site "Belgrade"]
[Date "2024.12.10"]
[Round "8"]
[White "Pantovic, Dragan M"]
[Black "Simbelov, Roman T"]
[Result "0-1"]
[WhiteElo "2049"]
[BlackElo "2196"]
[PlyCount "54"]
[EventDate "2024.12.03"]
[EventType "tourn"]
[EventRounds "9"]
[EventCountry "SRB"]
[SourceTitle "CB51_2024"]
[SourceDate "2024.12.18"]
[SourceVersion "1"]
[SourceVersionDate "2024.12.18"]
[SourceQuality "1"]

1. d4 d5 2. Nf3 Nf6 3. g3 e6 4. Bg2 Nbd7 5. 0-0 b5 6. a4 b4 7. Nbd2 Be7 8. Re1 Bb7 9. c4 dxc4 10. Nxc4 c5 11. Bf4 0-0 12. a5 Bd5 13. Nce5 Rc8 14. Nxd7 Qxd7 15. Ne5 Qb7 16. a6 Qa8 17. Bxd5 Nxd5 18. dxc5 Nxf4 19. gxf4 Bxc5 20. Qb3 Bd6 21. Nd3 Qe4 22. e3 e5 23. Nxe5 Bxe5 24. fxe5 Rc6 25. Rec1 Rg6+ 26. Kf1 Rg2 27. Qc2 Qg4 0-1

[Event "Belgrade Radnicki IM 12"]
[Site "Belgrade"]
[Date "2024.12.09"]
[Round "7"]
[White "Damljanovic, Branko"]
[Black "Simbelov, Roman T"]
[Result "1-0"]
[WhiteElo "2373"]
[BlackElo "2196"]
[PlyCount "72"]
[EventDate "2024.12.03"]
[EventType "tourn"]
[EventRounds "9"]
[EventCountry "SRB"]
[SourceTitle "CB51_2024"]
[SourceDate "2024.12.18"]
[SourceVersion "1"]
[SourceVersionDate "2024.12.18"]
[SourceQuality "1"]

1. c4 e6 2. Nc3 d5 3. d4 Nf6 4. cxd5 exd5 5. Bg5 c6 6. e3 h6 7. Bh4 Be6 8. Bd3 Nbd7 9. Nge2 g5 10. Bg3 Nh5 11. Qc2 Nxg3 12. Nxg3 h5 13. h3 Qf6 14. 0-0-0 h4 15. Nf5 0-0-0 16. Kb1 Kb8 17. Rhf1 Rc8 18. f4 c5 19. fxg5 Qxg5 20. Qf2 Ka8 21. Rc1 c4 22. Bc2 Bb4 23. e4 Bxc3 24. bxc3 dxe4 25. Bxe4 Nf6 26. Bc2 Nd5 27. Qf3 Rc6 28. Be4 Bxf5 29. Qxf5 Qd2 30. Rc2 Nxc3+ 31. Ka1 Qxd4 32. Bxc6 Nd1+ 33. Kb1 bxc6 34. Qf6 Rb8+ 35. Kc1 Qe3+ 36. Rd2 Qe4 1-0

[Event "Belgrade Radnicki IM 12"]
[Site "Belgrade"]
[Date "2024.12.06"]
[Round "4"]
[White "Simbelov, Roman T"]
[Black "Martic, Ivan"]
[Result "1-0"]
[WhiteElo "2196"]
[BlackElo "2268"]
[PlyCount "91"]
[EventDate "2024.12.03"]
[EventType "tourn"]
[EventRounds "9"]
[EventCountry "SRB"]
[SourceTitle "CB51_2024"]
[SourceDate "2024.12.18"]
[SourceVersion "1"]
[SourceVersionDate "2024.12.18"]
[SourceQuality "1"]

1. e4 c5 2. Nf3 d6 3. d4 cxd4 4. Nxd4 Nf6 5. Nc3 a6 6. h3 e5 7. Nde2 h5 8. g3 Be7 9. Bg2 b5 10. Nd5 Nxd5 11. Qxd5 Ra7 12. Be3 Rb7 13. 0-0 0-0 14. b3 Nd7 15. Qd2 Rc7 16. a4 b4 17. c3 Nc5 18. Rab1 Bb7 19. f3 a5 20. cxb4 axb4 21. Qxb4 d5 22. exd5 Bxd5 23. Qb6 Qb8 24. Qxb8 Rxb8 25. Nc3 Bc6 26. f4 e4 27. a5 Rcb7 28. Ne2 Rxb3 29. Nd4 Rxb1 30. Nxc6 Bd6 31. Nxb8 Rxb8 32. Rc1 Rb5 33. Rd1 Be7 34. Ra1 Rb3 35. Bd4 Rd3 36. Be5 Nb3 37. Bxe4 Bc5+ 38. Kh1 Rxg3 39. Rd1 Kf8 40. a6 Rxh3+ 41. Kg2 Re3 42. Bf3 h4 43. Bd6+ Bxd6 44. a7 h3+ 45. Kh1 Re8 46. Rxd6 1-0

[Event "Belgrade Trophy 37th"]
[Site "Belgrade"]
[Date "2024.12.01"]
[Round "9"]
[White "Simbelov, Roman T"]
[Black "Zhambalov, Bator1"]
[Result "1-0"]
[WhiteElo "2196"]
[BlackElo "1984"]
[PlyCount "103"]
[EventDate "2024.11.23"]
[EventType "swiss"]
[EventRounds "9"]
[EventCountry "SRB"]
[SourceTitle "CB49_2024"]
[SourceDate "2024.12.04"]
[SourceVersion "1"]
[SourceVersionDate "2024.12.04"]
[SourceQuality "1"]

1. e4 c5 2. Nf3 d6 3. d4 cxd4 4. Nxd4 Nf6 5. Nc3 a6 6. h3 e5 7. Nde2 h5 8. g3 b5 9. Nd5 Nxd5 10. Qxd5 Ra7 11. Be3 Rb7 12. Qd2 Be7 13. Bg2 Nd7 14. Nc3 Nf6 15. 0-0 Be6 16. f4 b4 17. Nd5 Bxd5 18. exd5 Nd7 19. f5 a5 20. a3 b3 21. Rac1 0-0 22. c4 Nc5 23. g4 Bh4 24. g5 f6 25. g6 Bg5 26. Bxg5 fxg5 27. Qe2 g4 28. hxg4 hxg4 29. Qxg4 Qf6 30. Rc3 Rd8 31. Rh3 Kf8 32. Rh7 Rc7 33. Rf3 a4 34. Rfh3 Rdc8 35. Bf1 Nd7 36. R3h5 Nb6 37. Qh4 Nd7 38. Qe1 Re8 39. Qa5 Rcc8 40. Qxa4 Qd8 41. Rh8+ Ke7 42. Rxe8+ Qxe8 43. Rh7 Qf8 44. Qxb3 Rc7 45. Qh3 Qf6 46. Qh6 Kf8 47. Qh4 Qxh4 48. Rxh4 Ke7 49. Rh8 Kf6 50. Re8 Kxf5 51. Bh3+ Kf6 52. Re6+ 1-0

[Event "St Petersburg Rapid GP"]
[Site "St Petersburg"]
[Date "2024.08.25"]
[Round "10"]
[White "Zakhartsov, Vladimir"]
[Black "Simbelov, Roman T"]
[Result "1-0"]
[WhiteElo "2494"]
[BlackElo "2101"]
[PlyCount "75"]
[EventDate "2024.08.24"]
[EventType "swiss (rapid)"]
[EventRounds "11"]
[EventCountry "RUS"]
[SourceTitle "CBM 221 Extra"]
[Source "ChessBase"]
[SourceDate "2024.09.30"]
[SourceVersion "1"]
[SourceVersionDate "2024.09.30"]
[SourceQuality "1"]

1. e4 e5 2. Nf3 Nc6 3. Bb5 a6 4. Ba4 Nf6 5. 0-0 Be7 6. Bxc6 dxc6 7. d3 Nd7 8. Nbd2 0-0 9. Nc4 f6 10. Nh4 Nc5 11. Ne3 Be6 12. Nhf5 Qd7 13. b3 Rfe8 14. Nxe7+ Qxe7 15. Ba3 b6 16. c3 Rad8 17. Qe2 a5 18. Rad1 b5 19. Nc2 b4 20. cxb4 Nb7 21. bxa5 Qd7 22. d4 Qc8 23. a6 Nd6 24. dxe5 fxe5 25. Bc5 Nb5 26. Rxd8 Rxd8 27. a4 Nc3 28. Qf3 Na2 29. a7 Qa6 30. Rd1 Ra8 31. Qd3 Qxd3 32. Rxd3 Nc1 33. Rf3 Bf7 34. Nb4 Nxb3 35. Rxb3 Bxb3 36. Na6 Rd8 37. h3 Bxa4 38. Nb8 1-0

[Event "St Petersburg Rapid GP"]
[Site "St Petersburg"]
[Date "2024.08.24"]
[Round "4"]
[White "Aleksandrov, Aleksej"]
[Black "Simbelov, Roman T"]
[Result "1/2-1/2"]
[WhiteElo "2408"]
[BlackElo "2101"]
[PlyCount "93"]
[EventDate "2024.08.24"]
[EventType "swiss (rapid)"]
[EventRounds "11"]
[EventCountry "RUS"]
[SourceTitle "CBM 221 Extra"]
[Source "ChessBase"]
[SourceDate "2024.09.30"]
[SourceVersion "1"]
[SourceVersionDate "2024.09.30"]
[SourceQuality "1"]

1. d4 d5 2. c4 e6 3. Nc3 Nf6 4. cxd5 exd5 5. Bg5 c6 6. e3 h6 7. Bh4 Be7 8. Bd3 0-0 9. Bg3 Nbd7 10. h3 Re8 11. Nf3 Bf8 12. Qc2 Nb6 13. 0-0 Be6 14. Rad1 Nbd7 15. Qb1 Qa5 16. Rc1 Rac8 17. Rfd1 a6 18. a3 Nh5 19. Bh2 Nhf6 20. Rc2 Ne4 21. Ne2 Bf5 22. b4 Qd8 23. a4 Qf6 24. Rcc1 Bxh3 25. Bxe4 dxe4 26. Be5 Nxe5 27. dxe5 Qe7 28. Qxe4 Be6 29. b5 axb5 30. axb5 Bd5 31. Qf4 Bxf3 32. Qxf3 cxb5 33. Rxc8 Rxc8 34. Qf5 Rd8 35. Rxd8 Qxd8 36. e6 Qd1+ 37. Kh2 Qd6+ 38. g3 Qxe6 39. Qxb5 Qc6 40. Qb2 Be7 41. Qa2 Bf6 42. Nf4 b5 43. Nd5 Qc4 44. Qa8+ Kh7 45. Qb7 Kg8 46. Qb8+ Kh7 47. Qb7 1/2-1/2

[Event "St Petersburg Korchnoi Memorial op"]
[Site "St Petersburg"]
[Date "2024.08.19"]
[Round "5"]
[White "Simbelov, Roman T"]
[Black "Asyutin, Artem"]
[Result "1-0"]
[WhiteElo "2101"]
[BlackElo "1838"]
[PlyCount "65"]
[EventDate "2024.08.17"]
[EventType "swiss"]
[EventRounds "9"]
[EventCountry "RUS"]
[SourceTitle "EXT 2025"]
[Source "ChessBase"]
[SourceDate "2024.10.14"]
[SourceVersion "1"]
[SourceVersionDate "2024.10.14"]
[SourceQuality "1"]

1. e4 c5 2. Nf3 d6 3. d4 cxd4 4. Nxd4 Nf6 5. Nc3 a6 6. h3 e5 7. Nde2 b5 8. g4 Bb7 9. Bg2 Be7 10. 0-0 Nfd7 11. Be3 0-0 12. Nd5 Nc6 13. Qd2 Nc5 14. Rad1 Bh4 15. Kh2 Ne7 16. Nec3 Rc8 17. Nxe7+ Qxe7 18. Nd5 Bxd5 19. Qxd5 Na4 20. Qb3 Qc7 21. c3 Qc4 22. Qa3 Qc7 23. Qb3 Qc4 24. Rd5 Rc6 25. Qa3 Qe2 26. Rd2 Qc4 27. b3 Qxc3 28. Rd5 Nc5 29. Rc1 b4 30. Rxc3 bxa3 31. b4 Rb8 32. bxc5 Rb2 33. cxd6 1-0

[Event "RUS-ch Higher League 74th"]
[Site "Nizhnij Novgorod"]
[Date "2024.07.04"]
[Round "8"]
[White "Simbelov, Roman T"]
[Black "Sheremetev, Vladislav"]
[Result "0-1"]
[WhiteElo "2118"]
[BlackElo "2118"]
[PlyCount "72"]
[EventDate "2024.06.26"]
[EventType "swiss"]
[EventRounds "9"]
[EventCountry "RUS"]
[SourceTitle "EXT 2025"]
[Source "ChessBase"]
[SourceDate "2024.10.14"]
[SourceVersion "1"]
[SourceVersionDate "2024.10.14"]
[SourceQuality "1"]

1. e4 e6 2. d4 d5 3. e5 c5 4. c3 Nc6 5. Nf3 Qb6 6. a3 Nh6 7. Bd3 Bd7 8. dxc5 Bxc5 9. 0-0 Ng4 10. Qe2 f6 11. exf6 gxf6 12. b4 Bd6 13. Nbd2 0-0-0 14. b5 Nce5 15. Nxe5 Nxe5 16. a4 Rdg8 17. a5 Qc7 18. Ba3 Bxa3 19. Rxa3 Ng4 20. g3 Qd6 21. Rb3 h5 22. b6 a6 23. Bxa6 h4 24. Bxb7+ Kd8 25. Ne4 dxe4 26. Rd1 Qc5 27. Bxe4 hxg3 28. hxg3 Nxf2 29. Qxf2 Rxg3+ 30. Kf1 Qc4+ 31. Rd3 Rh1+ 32. Bxh1 Qxd3+ 33. Qe2 Rg1+ 34. Kxg1 Qxe2 35. a6 Qe1+ 36. Kh2 Qf2+ 0-1

[Event "RUS-ch Higher League 74th"]
[Site "Nizhnij Novgorod"]
[Date "2024.06.27"]
[Round "2"]
[White "Simbelov, Roman T"]
[Black "Maslovskiy, Vladimir"]
[Result "1/2-1/2"]
[WhiteElo "2118"]
[BlackElo "2293"]
[PlyCount "72"]
[EventDate "2024.06.26"]
[EventType "swiss"]
[EventRounds "9"]
[EventCountry "RUS"]
[SourceTitle "EXT 2025"]
[Source "ChessBase"]
[SourceDate "2024.10.14"]
[SourceVersion "1"]
[SourceVersionDate "2024.10.14"]
[SourceQuality "1"]

1. e4 e5 2. Nf3 Nc6 3. Bc4 Bc5 4. d3 Nf6 5. 0-0 0-0 6. Re1 d6 7. c3 a5 8. Nbd2 Be6 9. Bb5 Qb8 10. Nf1 Qa7 11. Be3 Bxe3 12. Nxe3 Ne7 13. Bc4 Ng6 14. Qc2 h6 15. d4 Bxc4 16. Nxc4 Rfe8 17. Rad1 b5 18. dxe5 dxe5 19. Ne3 Rad8 20. c4 b4 21. c5 Qa8 22. Rxd8 Rxd8 23. Nc4 Nd7 24. Rd1 Nxc5 25. Rxd8+ Qxd8 26. Nxa5 Ne6 27. Qd2 Qa8 28. Qxb4 Nd4 29. Nd2 Nf4 30. Nac4 Qxa2 31. Qa3 Qxa3 32. bxa3 f6 33. f3 Nd3 34. Nb1 Kf7 35. Nc3 Ke6 36. a4 Kd7 1/2-1/2

[Event "RUS-ch Rapid"]
[Site "Sochi"]
[Date "2023.10.15"]
[Round "1"]
[White "Simbelov, Roman T"]
[Black "Zvjaginsev, Vadim"]
[Result "0-1"]
[WhiteElo "2031"]
[BlackElo "2572"]
[PlyCount "80"]
[EventDate "2023.10.15"]
[EventType "swiss (rapid)"]
[EventRounds "11"]
[EventCountry "RUS"]
[SourceTitle "CBM 216 Extra"]
[Source "ChessBase"]
[SourceDate "2023.11.30"]
[SourceVersion "1"]
[SourceVersionDate "2023.11.30"]
[SourceQuality "1"]

1. e4 c5 2. Nf3 d6 3. d4 cxd4 4. Nxd4 Nf6 5. Nc3 Nc6 6. Bg5 Bd7 7. Qd2 h6 8. Bh4 g5 9. Bg3 Nxd4 10. Qxd4 Bg7 11. Qd2 Rc8 12. Be2 Qa5 13. 0-0 Rxc3 14. Qxc3 Qxc3 15. bxc3 Nxe4 16. Bd3 Nxc3 17. Rae1 e5 18. Bc4 b5 19. Bb3 0-0 20. Re3 Rc8 21. Rfe1 Bf5 22. Ra1 Bg6 23. f3 e4 24. fxe4 Bd4 25. Bf2 a5 26. Rf3 Ne2+ 27. Kf1 Bxa1 28. Kxe2 a4 29. Bd5 Rxc2+ 30. Kd1 Rc8 31. h3 Kg7 32. Bg3 Bh5 33. Bxd6 Bxf3+ 34. gxf3 f6 35. Kd2 Bc3+ 36. Kd3 Be5 37. Bb4 Rc1 38. Kd2 Rh1 39. Be6 h5 40. Bd7 Rh2+ 0-1

[Event "St Petersburg Blitz"]
[Site "St Petersburg"]
[Date "2023.08.25"]
[Round "6"]
[White "Goltsev, Dmitry"]
[Black "Simbelov, Roman T"]
[Result "1-0"]
[WhiteElo "2238"]
[BlackElo "1993"]
[PlyCount "91"]
[EventDate "2023.08.25"]
[EventType "game (blitz)"]
[EventRounds "11"]
[EventCountry "RUS"]
[SourceTitle "CBM 216 Extra"]
[Source "ChessBase"]
[SourceDate "2023.11.30"]
[SourceVersion "1"]
[SourceVersionDate "2023.11.30"]
[SourceQuality "1"]

1. e4 e5 2. Nf3 Nc6 3. Bb5 a6 4. Ba4 Nf6 5. 0-0 Be7 6. Re1 b5 7. Bb3 d6 8. c3 0-0 9. h3 Na5 10. Bc2 c5 11. d4 Qc7 12. d5 Nc4 13. b3 Nb6 14. Nbd2 a5 15. Nf1 a4 16. Bd2 axb3 17. axb3 Rxa1 18. Qxa1 Nh5 19. Qc1 f5 20. exf5 Bxf5 21. Bxf5 Rxf5 22. c4 bxc4 23. bxc4 Nf4 24. Bxf4 Rxf4 25. Ne3 Qb7 26. Qb1 Qa6 27. Nd2 Qa5 28. Re2 Qb4 29. Qc2 Na4 30. Ne4 Rxe4 31. Qxe4 Nc3 32. Qc2 Nxe2+ 33. Qxe2 Bg5 34. Qh5 Qb1+ 35. Kh2 Qg6 36. Qxg6 hxg6 37. Nd1 Kf7 38. Nc3 Be7 39. Ne4 g5 40. Kg3 Kg6 41. Kg4 Kh6 42. Kf5 Bf8 43. g4 Be7 44. Ke6 Bf8 45. Nxd6 Kg6 46. Ne4 1-0

[Event "St Petersburg Blitz"]
[Site "St Petersburg"]
[Date "2023.08.25"]
[Round "9"]
[White "Shubin, Kirill"]
[Black "Simbelov, Roman T"]
[Result "0-1"]
[WhiteElo "2451"]
[BlackElo "1993"]
[PlyCount "41"]
[EventDate "2023.08.25"]
[EventType "game (blitz)"]
[EventRounds "11"]
[EventCountry "RUS"]
[SourceTitle "CBM 216 Extra"]
[Source "ChessBase"]
[SourceDate "2023.11.30"]
[SourceVersion "1"]
[SourceVersionDate "2023.11.30"]
[SourceQuality "1"]

1. e4 e5 2. Nf3 Nc6 3. Bb5 a6 4. Ba4 Nf6 5. d3 b5 6. Bb3 Be7 7. 0-0 d6 8. c3 0-0 9. Re1 Bg4 10. Nbd2 d5 11. exd5 Nxd5 12. h3 Bh5 13. Nf1 Nf4 14. d4 Bg6 15. d5 Na5 16. Nxe5 Bg5 17. Nxg6 hxg6 18. Qf3 Nxb3 19. axb3 Qd6 20. Re4 Rae8 21. Bxf4 0-1

[Event "St Petersburg Korchnoi Memorial op"]
[Site "St Petersburg"]
[Date "2023.08.21"]
[Round "5"]
[White "Gorlov, Artem"]
[Black "Simbelov, Roman T"]
[Result "1-0"]
[WhiteElo "2138"]
[BlackElo "1948"]
[PlyCount "115"]
[EventDate "2023.08.18"]
[EventType "swiss"]
[EventRounds "9"]
[EventCountry "RUS"]
[SourceTitle "CBM 216 Extra"]
[Source "ChessBase"]
[SourceDate "2023.11.30"]
[SourceVersion "1"]
[SourceVersionDate "2023.11.30"]
[SourceQuality "1"]

1. d4 d5 2. c4 e6 3. Nc3 Nf6 4. cxd5 exd5 5. Bg5 Be7 6. e3 0-0 7. Bd3 c6 8. Qc2 h6 9. Bf4 Bd6 10. Bxd6 Qxd6 11. h3 Nbd7 12. Nf3 Re8 13. 0-0 Qe7 14. Rab1 Ne4 15. Bxe4 dxe4 16. Nd2 Nf6 17. Nc4 Bf5 18. b4 Nd7 19. Ne2 Rad8 20. Ng3 Bg6 21. Na5 Nf6 22. Qc5 Nd5 23. Rfc1 a6 24. Qxe7 Rxe7 25. a4 f5 26. b5 cxb5 27. axb5 Rd6 28. Rc8+ Kh7 29. bxa6 Rxa6 30. Rb5 Nb6 31. Rf8 Be8 32. Re5 Rxe5 33. dxe5 Rxa5 34. Rxe8 Nd7 35. e6 Nf6 36. Re7 b6 37. Rb7 Rb5 38. Ne2 Rb1+ 39. Kh2 Rb2 40. Nf4 Rxf2 41. e7 Kg8 42. Ng6 Rc2 43. Rb8+ Kf7 44. Rf8+ Kxg6 45. Rxf6+ Kxf6 46. e8Q Rc7 47. Qd8+ Re7 48. Qxb6+ Re6 49. Qd8+ Kg6 50. Kg3 Rf6 51. Kf4 Kf7 52. Qd7+ Kg6 53. Qe8+ Kh7 54. Ke5 f4 55. exf4 e3 56. Ke4 e2 57. Kf3 Rg6 58. Qxe2 1-0

[Event "St Petersburg Korchnoi Memorial op"]
[Site "St Petersburg"]
[Date "2023.08.20"]
[Round "4"]
[White "Simbelov, Roman T"]
[Black "Sek, Konstantin"]
[Result "1-0"]
[WhiteElo "1948"]
[BlackElo "2419"]
[PlyCount "105"]
[EventDate "2023.08.18"]
[EventType "swiss"]
[EventRounds "9"]
[EventCountry "RUS"]
[SourceTitle "CBM 216 Extra"]
[Source "ChessBase"]
[SourceDate "2023.11.30"]
[SourceVersion "1"]
[SourceVersionDate "2023.11.30"]
[SourceQuality "1"]

1. e4 e5 2. Nf3 Nc6 3. Bc4 Nf6 4. d3 h6 5. 0-0 d6 6. c3 g5 7. Na3 Bg7 8. Bb3 Nh5 9. Nc4 Nf4 10. d4 Qf6 11. dxe5 dxe5 12. Ne3 0-0 13. Ne1 Rd8 14. Qf3 Ne7 15. g3 Nh3+ 16. Kh1 Qg6 17. Bc2 Qa6 18. Kg2 Ng6 19. Nf5 Nhf4+ 20. Bxf4 exf4 21. Qh5 Bd7 22. a4 Be6 23. Nf3 Qe2 24. Rac1 fxg3 25. hxg3 Ne5 26. Rfe1 Qxf3+ 27. Qxf3 Nxf3 28. Kxf3 Rd2 29. Ke3 Rd7 30. Red1 Bf8 31. Rxd7 Bxd7 32. Rd1 Bxf5 33. exf5 Kg7 34. Rd7 Bd6 35. Bb3 Rf8 36. g4 Kf6 37. Kd4 a5 38. Bd5 b6 39. f3 Bg3 40. b4 Bd6 41. Kc4 Be5 42. Kd3 Bd6 43. Kd4 Be5+ 44. Kd3 Bd6 45. bxa5 bxa5 46. Kc4 Be5 47. Kd3 Bd6 48. c4 Ke5 49. Bxf7 c5 50. Bd5 Rb8 51. f6 Bf8 52. f7 Rb3+ 53. Kc2 1-0

[Event "St Petersburg Korchnoi Memorial op"]
[Site "St Petersburg"]
[Date "2023.08.19"]
[Round "2"]
[White "Simbelov, Roman T"]
[Black "Skatchkov, Valery"]
[Result "0-1"]
[WhiteElo "1948"]
[BlackElo "2242"]
[PlyCount "62"]
[EventDate "2023.08.18"]
[EventType "swiss"]
[EventRounds "9"]
[EventCountry "RUS"]
[SourceTitle "CBM 216 Extra"]
[Source "ChessBase"]
[SourceDate "2023.11.30"]
[SourceVersion "1"]
[SourceVersionDate "2023.11.30"]
[SourceQuality "1"]

1. e4 e5 2. Nf3 Nf6 3. Nxe5 d6 4. Nf3 Nxe4 5. Nc3 Nxc3 6. dxc3 Be7 7. Be3 0-0 8. Bd3 Nd7 9. Qd2 Nf6 10. 0-0-0 c5 11. h4 Be6 12. a3 b5 13. Ng5 d5 14. Rdg1 c4 15. Be2 a5 16. Bd4 b4 17. a4 Qd7 18. Qe3 Qxa4 19. Nxe6 Ne4 20. Kd1 fxe6 21. Bf3 e5 22. Bxe5 Bc5 23. Bd4 Bxd4 24. Qxd4 Rad8 25. cxb4 axb4 26. Re1 Rfe8 27. h5 Qa1+ 28. Ke2 Nc5+ 29. Kd2 c3+ 30. bxc3 bxc3+ 31. Qxc3 Ne4+ 0-1

[Event "EU-ch U14 30th"]
[Site "Antalya"]
[Date "2022.11.07"]
[Round "2"]
[White "Simbelov, Roman T"]
[Black "Pusara, Mihailo"]
[Result "1/2-1/2"]
[WhiteElo "2119"]
[BlackElo "1588"]
[PlyCount "61"]
[EventDate "2022.11.06"]
[EventType "swiss"]
[EventRounds "9"]
[EventCountry "TUR"]
[SourceTitle "EXT 2024"]
[Source "ChessBase"]
[SourceDate "2023.10.10"]
[SourceVersion "1"]
[SourceVersionDate "2023.10.10"]
[SourceQuality "1"]

1. e4 e5 2. Nf3 Nf6 3. Nxe5 d6 4. Nd3 Nxe4 5. Qe2 Qe7 6. Nf4 Nf6 7. d4 d5 8. Nc3 c6 9. h4 Bf5 10. Be3 Ng4 11. Rh3 Nd7 12. Ncxd5 cxd5 13. Nxd5 Qd6 14. Bf4+ Nge5 15. Bxe5 Nxe5 16. Re3 0-0-0 17. Rxe5 Be6 18. c4 g6 19. Rc1 Kb8 20. c5 Qd7 21. Nc3 Bg7 22. d5 Bg4 23. f3 Rhe8 24. Rxe8 Rxe8 25. Ne4 Qxd5 26. Rc4 f5 27. c6 Re7 28. fxg4 Qxc4 29. Qxc4 Rxe4+ 30. Be2 Rxc4 31. Bxc4 1/2-1/2

[Event "Cheliabinsk Panchenko Memorial op-A"]
[Site "Cheliabinsk"]
[Date "2022.09.21"]
[Round "10"]
[White "Simbelov, Roman T"]
[Black "Plyasunov, Daniil"]
[Result "1/2-1/2"]
[WhiteElo "2063"]
[BlackElo "2144"]
[PlyCount "28"]
[EventDate "2022.09.12"]
[EventType "swiss"]
[EventRounds "10"]
[EventCountry "RUS"]
[SourceTitle "CBM 210 Extra"]
[Source "ChessBase"]
[SourceDate "2022.11.30"]
[SourceVersion "1"]
[SourceVersionDate "2022.11.30"]
[SourceQuality "1"]

1. e4 c6 2. Nf3 d5 3. Nc3 dxe4 4. Nxe4 Nf6 5. Qe2 Nxe4 6. Qxe4 Qd5 7. Qh4 Qe6+ 8. Be2 Qg4 9. Qg3 Qxg3 10. hxg3 Bf5 11. c3 Nd7 12. d4 h6 13. a4 a5 14. Bf4 Bg4 1/2-1/2

[Event "EU-ch U10"]
[Site "Bratislava"]
[Date "2019.08.08"]
[Round "7"]
[White "Simbelov, Roman T"]
[Black "Ermitsch, Magnus"]
[Result "1-0"]
[WhiteElo "1560"]
[BlackElo "1750"]
[PlyCount "109"]
[EventDate "2019.08.02"]
[EventType "swiss"]
[EventRounds "9"]
[EventCountry "SVK"]
[SourceTitle "EXT 2020"]
[Source "ChessBase"]
[SourceDate "2019.10.17"]
[SourceVersion "1"]
[SourceVersionDate "2019.10.17"]
[SourceQuality "1"]

1. e4 c5 2. Nf3 e6 3. d4 cxd4 4. Nxd4 Nc6 5. Nc3 Qc7 6. g3 a6 7. Bg2 Nf6 8. 0-0 Nxd4 9. Qxd4 Bc5 10. Qd3 Ng4 11. Qe2 h5 12. Bf4 Ne5 13. h4 d6 14. Rad1 Bd7 15. Rd2 Nc4 16. Rdd1 Ne5 17. Be3 Rd8 18. Bg5 f6 19. Be3 b5 20. Bxc5 Qxc5 21. Qd2 b4 22. Ne2 Nc4 23. Qc1 Bb5 24. Nf4 Kf7 25. Nd3 Qb6 26. Nxb4 Rb8 27. Nd3 Rhc8 28. a4 Be8 29. b3 Na5 30. Qd2 Rc7 31. Nf4 Nb7 32. Bh3 Bd7 33. Qd3 Nc5 34. Qxd6 Nxe4 35. Qd3 f5 36. Bxf5 exf5 37. Nd5 Nc5 38. Qc4 Be6 39. Nxb6 Bxc4 40. Nxc4 Kf8 41. a5 Rb5 42. Rfe1 Nb7 43. Kg2 Kg8 44. Ra1 Kf7 45. Re5 Rxe5 46. Nxe5+ Ke6 47. Nc4 Kd5 48. Rd1+ Kc5 49. c3 Re7 50. Ne3 Re5 51. Rd7 Nxa5 52. b4+ Kc6 53. Rxg7 Nb7 54. Rg6+ Kb5 55. c4+ 1-0

[Event "EU-ch U10"]
[Site "Bratislava"]
[Date "2019.08.06"]
[Round "5"]
[White "Navoyan, Gagik"]
[Black "Simbelov, Roman T"]
[Result "1-0"]
[WhiteElo "1716"]
[BlackElo "1560"]
[PlyCount "92"]
[EventDate "2019.08.02"]
[EventType "swiss"]
[EventRounds "9"]
[EventCountry "SVK"]
[SourceTitle "EXT 2020"]
[Source "ChessBase"]
[SourceDate "2019.10.17"]
[SourceVersion "1"]
[SourceVersionDate "2019.10.17"]
[SourceQuality "1"]

1. d4 d5 2. Nf3 Nf6 3. c4 e6 4. g3 Be7 5. Bg2 0-0 6. 0-0 c6 7. Nc3 Nbd7 8. Qc2 b6 9. e4 Ba6 10. e5 Ne8 11. Nd2 Rc8 12. Rd1 f6 13. cxd5 cxd5 14. Qa4 Nc7 15. exf6 Bxf6 16. Nf3 b5 17. Qa5 Be7 18. Bf4 Nb8 19. Bxc7 Qxc7 20. Qxc7 Rxc7 21. Rac1 b4 22. Nxd5 Rd7 23. Nxe7+ Rxe7 24. Ne5 Rd8 25. f4 Bb5 26. Bf1 Be8 27. Bc4 Nc6 28. Nxc6 Bxc6 29. Kf2 Kf8 30. Ke3 g6 31. h4 Bd5 32. b3 h5 33. Bd3 Kf7 34. Rc5 Rb7 35. Rdc1 Rdd7 36. Rc8 Kg7 37. R1c5 Re7 38. Be4 a6 39. Kf3 Rb6 40. R8c7 Bxe4+ 41. Kxe4 Rxc7 42. Rxc7+ Kf6 43. Rc5 Rb5 44. Rxb5 axb5 45. d5 exd5+ 46. Kxd5 Kf5 1-0

[Event "EU-ch U10"]
[Site "Bratislava"]
[Date "2019.08.02"]
[Round "1"]
[White "Osadchy, Andrey K"]
[Black "Simbelov, Roman T"]
[Result "0-1"]
[WhiteElo "1124"]
[BlackElo "1560"]
[PlyCount "60"]
[EventDate "2019.08.02"]
[EventType "swiss"]
[EventRounds "9"]
[EventCountry "SVK"]
[SourceTitle "EXT 2020"]
[Source "ChessBase"]
[SourceDate "2019.10.17"]
[SourceVersion "1"]
[SourceVersionDate "2019.10.17"]
[SourceQuality "1"]

1. e4 e5 2. Nf3 Nc6 3. d4 exd4 4. Nxd4 Bc5 5. Be3 Qf6 6. c3 Nge7 7. Bc4 Ne5 8. Be2 d6 9. f4 N5c6 10. 0-0 Qg6 11. Bf3 0-0 12. Qd2 Bb6 13. Kh1 f5 14. exf5 Nxf5 15. Be4 Ncxd4 16. Bxd4 Bxd4 17. Bxf5 Bxf5 18. Qxd4 Be4 19. Qd2 Rf7 20. Kg1 Raf8 21. g3 Bd3 22. Rd1 Be4 23. Rf1 h5 24. Na3 h4 25. Qe3 d5 26. Rad1 Qg4 27. Rd2 g5 28. Rdf2 Qh3 29. fxg5 Qg2+ 30. Rxg2 Rxf1# 0-1